UBT Library

Textbook of medical physiology / (Record no. 43563)

000 -LEADER
fixed length control field 00545cam a2200217 i 4500
001 - CONTROL NUMBER
control field 326545
005 - DATE AND TIME OF LATEST TRANSACTION
control field 20180227042233.0
008 - FIXED-LENGTH DATA ELEMENTS--GENERAL INFORMATION
fixed length control field 760206s1976 paua b 001 0 eng
010 ## - LIBRARY OF CONGRESS CONTROL NUMBER
LC control number 75008178
020 ## - INTERNATIONAL STANDARD BOOK NUMBER
International Standard Book Number 0721643930
040 ## - CATALOGING SOURCE
Original cataloging agency DLC
Transcribing agency DLC
Modifying agency DLC
041 ## - LANGUAGE CODE
Language code of text/sound track or separate title eng
080 ## - UNIVERSAL DECIMAL CLASSIFICATION NUMBER
Universal Decimal Classification number 612 GUY
082 00 - DEWEY DECIMAL CLASSIFICATION NUMBER
Classification number 612 GUY
100 1# - Rafti
Rafti 4
101 ## - Shkurtesa
Shkurtesa SHM
245 10 - TITLE STATEMENT
Title Textbook of medical physiology /
Statement of responsibility, etc Arthur Guyton.
504 ## - BIBLIOGRAPHY, ETC. NOTE
Bibliography, etc Includes bibliographies and index.
906 ## - LOCAL DATA ELEMENT F, LDF (RLIN)
a 7
b cbc
c orignew
d 2
e ocip
f 19
g y-gencatlg
942 ## - ADDED ENTRY ELEMENTS (KOHA)
Source of classification or shelving scheme
Item type Books
Holdings
Withdrawn status Lost status Source of classification or shelving scheme Damaged status Not for loan Collection code Permanent location Current location Shelving location Date acquired Total Checkouts Full call number Barcode Date last seen Price effective from Koha item type
          Koleksioni i përgjithshem UBT - Lipjan UBT - Lipjan Koleksioni i përgjithshem 02/27/2018   612 GUY 002-3000269 02/27/2018 02/27/2018 Books
          Koleksioni i përgjithshem UBT - Lipjan UBT - Lipjan Koleksioni i përgjithshem 03/02/2021   611 GUY 002-6000457 03/02/2021 03/02/2021 Books
            UBT - Prishtine UBT - Prishtine   10/06/2022   612 GUY 002-800028700135 10/06/2022 10/06/2022 Books
UBT Library © 2015-2024. All rights reserved University Education for Business and Technology